Statistics for Eye Quiz

Click here to take the quiz!

General Stats

  • This quiz has been taken 31 times
  • The average score is 5 of 6

Answer Stats

HintAnswer% Correct
Most common eye colorBrown
100%
True or False: Dogs only see black and whiteFalse
100%
How many eyes do we have?Two
100%
Rarest eye colorGreen
93%
How many eyes does a spider have? (In words)Eight
79%
What 3-D shape is an eye?Sphere
64%

Score Distribution

Percentile by Number Answered

Percent of People with Each Score

Your Score History

You have not taken this quiz